logo

Bir Sreshtho Munshi Abdur Rouf Library
Jhenaidah Cadet College

The Meaning of the Glorious Qur'an / (Record no. 10085)

MARC details
000 -LEADER
fixed length control field 00576nam a2200229 a 4500
001 - CONTROL NUMBER
JCCL Control Number 10085
003 - CONTROL NUMBER IDENTIFIER
JCCL marc code BD-JhCC
005 - DATE AND TIME OF LATEST TRANSACTION
control field 20180919122323.0
008 - FIXED-LENGTH DATA ELEMENTS--GENERAL INFORMATION
fixed length control field 180417s xxu |||| | || 000 0 eng d
035 ## - SYSTEM CONTROL NUMBER
system control number (BD-JhCC)10085
040 ## - CATALOGING SOURCE
Original cataloging agency BD-JhCC
Modifying agency BD-JhCC
041 ## - LANGUAGE CODE
Language code of Book eng
082 ## - DEWEY DECIMAL CLASSIFICATION NUMBER
Classification number 297.1226
Author mark and Year ALI
100 ## - MAIN ENTRY--PERSONAL NAME
Personal name Ali, Abdullah Yusuf
245 ## - TITLE STATEMENT
Title The Meaning of the Glorious Qur'an /
Statement of responsibility, etc Abdullah Yusuf Ali,
260 ## - PUBLICATION, DISTRIBUTION, ETC. (IMPRINT)
Place of publication, distribution, etc Lebanon :
Name of publisher, distributor, etc Dar Al-Kitab Al-Masri,
300 ## - PHYSICAL DESCRIPTION
Pagination 924 p. :
Dimensions 23 cm.
650 ## - SUBJECT ADDED ENTRY--TOPICAL TERM
Topical term or geographic name as entry element Qur'an
650 ## - SUBJECT ADDED ENTRY--TOPICAL TERM
Topical term or geographic name as entry element Islam
942 ## - ADDED ENTRY ELEMENTS (KOHA)
Source of classification or shelving scheme Dewey Decimal Classification
Koha item type Books
Holdings
Source of classification or shelving scheme Damaged status Not for loan Home library Current library Shelving location Date of accession Total Checkouts Full call number Barcode Date last seen Date checked out Copy number Koha item type
Dewey Decimal Classification     JCC Rouf Library JCC Rouf Library General Stacks 04/16/2018 1 297.1226 ALI 12909 12/23/2019 11/19/2019 C-1 Books
Dewey Decimal Classification     JCC Rouf Library JCC Rouf Library General Stacks 04/16/2018   297.1226 ALI 12910 04/17/2018   C-2 Books

JCC Library | Contacts | JCC Home

Last Update on 23 September 2017
Copyright @ 2017-2020 JCC Rouf Library
Rouf Library, Jhenidah Cadet College (JCC), Bangladesh